Vplyv pandémie COVID-19 na profesijný život študentov vysokých škôl

Zaoberanie sa vplyvom pandémie COVID-19 na profesijný život študentov vysokých škôl.

Saved in:
Bibliographic Details
Main Author: Pažítková, Denisa
Format: Book Chapter
Language:Slovak
Subjects:
Tags: Add Tag
No Tags, Be the first to tag this record!

MARC

LEADER 00000naa a2200000 4500
001 0308401
005 20250502110953.4
041 0 |a slo 
044 |a SK 
245 1 0 |a Vplyv pandémie COVID-19 na profesijný život študentov vysokých škôl  |c Denisa Pažítková 
520 |a Zaoberanie sa vplyvom pandémie COVID-19 na profesijný život študentov vysokých škôl. 
610 2 0 |a pandémia 
610 2 0 |a študenti 
610 2 0 |a školy vysoké 
610 2 0 |a univerzity 
610 2 0 |a schopnosti pracovné 
610 2 0 |a zamestnanosť 
610 2 0 |a trh práce 
610 2 0 |a financovanie 
100 1 |a Pažítková, Denisa